Duch víťazí nad hmotou Po prehliadke inscenácií v Divadle J. Záborského Prešov

Bibliographic Details
Main Author: Dlouhý, Oleg, 1951-2014 (Author)
Format: Article
Language:Slovak
PhysicalDescription:Fot. 1.
Subjects:

MARC

LEADER 00000nab a2200000 a 4500
001 vtls000454628
003 SK-MaSNL
005 20260303200621.0
008 120926c1992 xo 0 slo
015 |a SNBRB19rr/mm-uuuuu 
035 |a CL0454759 
040 |a SNKBUCL  |b slo  |c SNKBUCL  |e AACR2 
041 0 |a slo 
044 |a xo  |c SK 
080 |a 792.091.4  |2 1981 
080 |a 792.2  |2 1981 
100 1 |a Dlouhý, Oleg,  |d 1951-2014  |4 aut  |9 103456 
245 1 0 |a Duch víťazí nad hmotou  |b Po prehliadke inscenácií v Divadle J. Záborského Prešov  |c Oleg Dlouhý 
300 |b Fot. 1. 
610 2 7 |a Divadlo Jonáša Záborského  |2 snkbucl  |9 29722 
651 7 |a 5407  |2 snkbucl  |9 893769 
655 7 |a články z novín a časopisov  |2 snkbucl  |9 267496 
773 0 |t Národná obroda  |g Roč. 3, č. 135 (10. 6. 1992), s. 7 
850 |a Slovenská národná knižnica v Martine  |a MTA001 
852 |a SNK  |b KIS3GCP 
958 |a RK 
992 |a RBX 
999 |c 2168917  |d 2170847